书目信息 |
| 题名: |
现代植物生物学实验
|
|
| 作者: | 徐虹 , 连玉武 , 陈德海 主编 | |
| 分册: | ||
| 出版信息: | 北京 科学出版社 2005.12 |
|
| 页数: | 250页 | |
| 开本: | 24cm | |
| 丛书名: | ||
| 单 册: | ||
| 中图分类: | Q94-33 | |
| 科图分类: | ||
| 主题词: | 植物学--zhi wu xue--生物学--实验--高等学校--教材 | |
| 电子资源: | ||
| ISBN: | 7-03-016629-9 | |
| 000 | 01030nam0 2200253 450 | |
| 001 | 012006427475 | |
| 005 | 20060626105406.89 | |
| 010 | @a7-03-016629-9@dCNY25.00 | |
| 100 | @a20060615d2005 km y0chiy0120 ea | |
| 101 | 0 | @achi |
| 102 | @aCN@b110000 | |
| 105 | @aa z 000yy | |
| 200 | 1 | @a现代植物生物学实验@Axian dai zhi wu sheng wu xue shi yan@f陈德海, 徐虹, 连玉武主编@Fchen de hai,xu hong,lian yu wu zhu bian |
| 210 | @a北京@c科学出版社@d2005.12 | |
| 215 | @a250页@c图@d24cm | |
| 300 | @a21世纪高等院校教材国家理科基地教材生物科学系列 | |
| 330 | @a本书共四章,介绍了植物根、茎、叶、花、果实的形态结构和功能,光、温度、水、风等生态因子的测定,水分和矿质营养、光合作用、呼吸代谢、抗性生理等生理指标的测定,植物生长发育、植物激素和植物细胞生理实验技术等。 | |
| 606 | 0 | @a植物学@Azhi wu xue@x生物学@x实验@x高等学校@j教材 |
| 690 | @aQ94-33@v4 | |
| 701 | 0 | @a徐虹@Axu hong@4主编 |
| 701 | 0 | @a连玉武@Alian yu wu@4主编 |
| 701 | 0 | @a陈德海@Achen de hai@4主编 |
| 801 | 0 | @aCN@bQSSK@c20060626 |
| 905 | @a10447@dQ94-33@eC392 | |
| 现代植物生物学实验/陈德海, 徐虹, 连玉武主编.-北京:科学出版社,2005.12 |
| 250页:图;24cm |
| 21世纪高等院校教材国家理科基地教材生物科学系列 |
| ISBN 7-03-016629-9:CNY25.00 |
| 本书共四章,介绍了植物根、茎、叶、花、果实的形态结构和功能,光、温度、水、风等生态因子的测定,水分和矿质营养、光合作用、呼吸代谢、抗性生理等生理指标的测定,植物生长发育、植物激素和植物细胞生理实验技术等。 |
| ● |
| 相关链接 |
|
|
|
正题名:现代植物生物学实验
索取号:Q94-33/C392
 
预约/预借
| 序号 | 登录号 | 条形码 | 馆藏地/架位号 | 状态 | 备注 |
| 1 | 586955 | 205869559 | 自科库401/401自科库 34排2列5层/ [索取号:Q94-33/C392] | 在馆 | |
| 2 | 586956 | 205869568 | 自科库401/401自科库 34排2列5层/ [索取号:Q94-33/C392] | 在馆 | |
| 3 | 586957 | 205869577 | 自科库401/401自科库 34排2列5层/ [索取号:Q94-33/C392] | 在馆 |